000 00544nam a22001817a 4500
999 _c57487
_d57487
005 20211125140859.0
008 200625s2007 enk||||| |||| 00| 0 eng d
020 _a9788131205921
041 _aeng
080 _a612 K-42
100 _aKhurana, I
_98817
245 _aTextbook of Human Physiology for Dental Students /
_cIndu Khurana.
264 _aNew Delhi :
_bElsevier,
_c2007.
300 _a766 p.
_b25 cm.
653 _aადამიანის ფიზიოლოგია
653 _aმედიცინა
942 _2udc
_cBK